Morte ad Harvard

Gespeichert in:
Bibliographische Detailangaben
1. Verfasser: Cross, Amanda
Format: Buch
Sprache:Englisch
Tags: Tag hinzufügen
Keine Tags, Fügen Sie das erste Tag hinzu!

MARC

LEADER 00000nam a2200000 4500
001 CDOM0000002607
003 mi
005 20250929103419.0
008 250929b |||||||| |||| 00| 0 eng d
040 |c mi 
100 |a Cross, Amanda 
245 1 |a Morte ad Harvard  
942 |2 ddc  |c BK 
952 |0 0  |1 0  |2 ddc  |4 0  |7 0  |9 6092  |a MI  |b MI  |d 1988-02-01  |i 798  |l 0  |p CDOM798  |r 2025-07-13 16:28:00  |w 2025-07-13  |x ACQUISTO  |y BK 
952 |0 0  |1 0  |2 ddc  |4 0  |7 0  |9 6093  |a MI  |b MI  |d 1988-02-01  |i 799  |l 0  |p CDOM799  |r 2025-07-13 16:28:00  |w 2025-07-13  |x ACQUISTO  |y BK 
999 |c 4866  |d 4866